000 00332 a2200157 4500
001 62090
020 _a8501065153
040 _cAnchieta - Pituba
100 _aCarter, Lin
240 1 0 _aO senhor dos anéis
_lpor
245 1 0 _aO senhor dos anéis
300 _a221
362 0 _a2003
650 4 _aFicção inglesa
942 _cBK
999 _c62090
_d62090